000 00680nam a22002297a 4500
003 OSt
005 20220107122818.0
008 160719b xxu||||| |||| 00| 0 eng d
020 _a9781119252245
040 _cIIITMK
082 _a005.82 ORI/C
100 _aOriyano, Sean- Philip
_910222
245 _a Certified ethical hacker version 9(CEH v9):
_bStudy guide
_cSean - Philip Oriyano
260 _aIndiana,
_bJohn Wiley and Sons,
_c2016.
300 _axl, 607p.
650 _aCOMPUTER SCIENCE
_910223
650 _aCOMPUTER NETWORKS
_910224
650 _aCOMPUTER SECURITY
_910225
650 _aCYBER SECURITY
_910226
650 _aEITHICAL HACKING
_910227
942 _2ddc
_cBK
999 _c5308
_d5308